Wszystkie miasta poniżej 10000 mieszkańców w województwie mazowieckim - Statystyki

Ogólne statystyki
  • Ten quiz został rozwiązany 45 razy
    15 od ostatniego zresetowania
  • Średni wynik to 32 z 56
Statystyki odpowiedzi
Powiat Miasto % Poprawnych
siedlecki Mordy
83%
białobrzeski Białobrzegi
75%
miński Kałuszyn
75%
lipski Lipsko
75%
zwoleński Zwoleń
75%
płoński Czerwińsk nad Wisłą
67%
płocki Drobin
67%
łosicki Łosice
67%
makowski Maków Mazowiecki
67%
miński Mrozy
67%
białobrzeski Wyśmierzyce
67%
żuromiński Żuromin
67%
żuromiński Bieżuń
58%
przasnyski Chorzele
58%
ciechanowski Glinojeck
58%
radomski Iłża
58%
żuromiński Lubowidz
58%
garwoliński Maciejowice
58%
grójecki Mogielnica
58%
ostrołęcki Myszyniec
58%
nowodworski Nasielsk
58%
płoński Nowe Miasto
58%
grójecki Nowe Miasto nad Pilicą
58%
przysuski Odrzywół
58%
garwoliński Pilawa
58%
płoński Raciąż
58%
gostyniński Sanniki
58%
legionowski Serock
58%
miński Siennica
58%
lipski Sienno
58%
płoński Sochocin
58%
piaseczyński Tarczyn
58%
wołomiński Tłuszcz
58%
płocki Wyszogród
58%
nowodworski Zakroczym
58%
garwoliński Żelechow
58%
ostrowski Brok
50%
płocki Gąbin
50%
przysuski Gielniów
50%
kozienicki Głowaczów
50%
otwocki Karczew
50%
sokołowski Kosów Lacki
50%
garwoliński Łaskarzew
50%
kozienicki Magnuszew
50%
żyrardowski Mszczonów
50%
grodziski Podkowa Leśna
50%
przysuski Przysucha
50%
makowski Różan
50%
radomski Skaryszew
50%
lipski Solec nad Wisłą
50%
żyrardowski Wiskitki
50%
lipski Ciepielów
42%
miński Halinów
42%
węgrowski Łochów
42%
otwocki Osieck
42%
radomski Przytyk
42%
Nie znaleziono quizów pasujących do podanych kryteriów
Rozkład punktacji
Procent ludzi z każdym wynikiem
Percentyl według liczby udzielonych odpowiedzi
Twoja historia wyników
Nie rozwiązałeś tego quizu od ostatniego zresetowania